<?xml version="1.0" encoding="UTF-8"?>
<record
    xmlns:xsi="http://www.w3.org/2001/XMLSchema-instance"
    xsi:schemaLocation="http://www.loc.gov/MARC21/slim http://www.loc.gov/standards/marcxml/schema/MARC21slim.xsd"
    xmlns="http://www.loc.gov/MARC21/slim">

  <leader>01142nam a2200337 a 4500</leader>
  <datafield tag="999" ind1=" " ind2=" ">
    <subfield code="c">23291</subfield>
    <subfield code="d">23291</subfield>
  </datafield>
  <controlfield tag="001">000637960</controlfield>
  <controlfield tag="005">20220823091256.0</controlfield>
  <controlfield tag="007">ta</controlfield>
  <controlfield tag="008">021125s2002    xr     e            cze d</controlfield>
  <datafield tag="020" ind1=" " ind2=" ">
    <subfield code="z">80-242-0724-7</subfield>
    <subfield code="q">(ch.)</subfield>
  </datafield>
  <datafield tag="020" ind1=" " ind2=" ">
    <subfield code="a">8072144731</subfield>
  </datafield>
  <datafield tag="035" ind1=" " ind2=" ">
    <subfield code="a">(OCoLC)85032587</subfield>
  </datafield>
  <datafield tag="040" ind1=" " ind2=" ">
    <subfield code="a">BOA001</subfield>
    <subfield code="b">cze</subfield>
    <subfield code="c">sk</subfield>
  </datafield>
  <datafield tag="041" ind1="1" ind2=" ">
    <subfield code="a">cze</subfield>
    <subfield code="h">eng</subfield>
  </datafield>
  <datafield tag="072" ind1=" " ind2="7">
    <subfield code="a">355/359</subfield>
    <subfield code="x">Vojenstv&#xED;. Obrana zem&#x11B;. Ozbrojen&#xE9; s&#xED;ly</subfield>
    <subfield code="2">Konspekt</subfield>
  </datafield>
  <datafield tag="080" ind1=" " ind2=" ">
    <subfield code="a">355.425.4</subfield>
    <subfield code="2">MRF</subfield>
  </datafield>
  <datafield tag="080" ind1=" " ind2=" ">
    <subfield code="a">94(100)"1939/1945"</subfield>
    <subfield code="2">MRF</subfield>
  </datafield>
  <datafield tag="080" ind1=" " ind2=" ">
    <subfield code="a">(430)</subfield>
    <subfield code="2">MRF</subfield>
  </datafield>
  <datafield tag="080" ind1=" " ind2=" ">
    <subfield code="a">(0:82-96)</subfield>
    <subfield code="2">MRF</subfield>
  </datafield>
  <datafield tag="100" ind1="1" ind2=" ">
    <subfield code="a">Whiting, Charles,</subfield>
    <subfield code="d">1926-2007</subfield>
    <subfield code="4">aut</subfield>
    <subfield code="9">3273</subfield>
  </datafield>
  <datafield tag="245" ind1="1" ind2="0">
    <subfield code="a">Werwolf :</subfield>
    <subfield code="b">p&#x159;&#xED;b&#x11B;h z historie nacistick&#xE9;ho hnut&#xED; odporu 1944-1945 /</subfield>
    <subfield code="c">Charles Whiting</subfield>
  </datafield>
  <datafield tag="250" ind1=" " ind2=" ">
    <subfield code="a">Vyd. 1.</subfield>
  </datafield>
  <datafield tag="260" ind1=" " ind2=" ">
    <subfield code="a">Praha :</subfield>
    <subfield code="b">Baronet,</subfield>
    <subfield code="c">2002</subfield>
  </datafield>
  <datafield tag="300" ind1=" " ind2=" ">
    <subfield code="a">194 s. :</subfield>
    <subfield code="b">il. ;</subfield>
    <subfield code="c">22 cm</subfield>
  </datafield>
  <datafield tag="500" ind1=" " ind2=" ">
    <subfield code="a">Vyd&#xE1;no ve spolupr&#xE1;ci s Kni&#x17E;n&#xED;m klubem - Euromedia Group</subfield>
  </datafield>
  <datafield tag="610" ind1="2" ind2="7">
    <subfield code="a">Unternehmen Werwolf</subfield>
    <subfield code="2">czenas</subfield>
    <subfield code="9">3274</subfield>
  </datafield>
  <datafield tag="650" ind1="0" ind2="7">
    <subfield code="a">partyz&#xE1;nsk&#xE9; hnut&#xED;</subfield>
    <subfield code="z">N&#x11B;mecko</subfield>
    <subfield code="y">1939-1945</subfield>
    <subfield code="2">czenas</subfield>
    <subfield code="9">3275</subfield>
  </datafield>
  <datafield tag="650" ind1="0" ind2="7">
    <subfield code="a">druh&#xE1; sv&#x11B;tov&#xE1; v&#xE1;lka, 1939-1945</subfield>
    <subfield code="z">N&#x11B;mecko</subfield>
    <subfield code="2">czenas</subfield>
    <subfield code="9">3276</subfield>
  </datafield>
  <datafield tag="655" ind1=" " ind2="7">
    <subfield code="a">literatura faktu</subfield>
    <subfield code="2">czenas</subfield>
    <subfield code="9">1757</subfield>
  </datafield>
  <datafield tag="765" ind1="0" ind2=" ">
    <subfield code="t">Werwolf</subfield>
  </datafield>
  <datafield tag="952" ind1=" " ind2=" ">
    <subfield code="0">0</subfield>
    <subfield code="1">0</subfield>
    <subfield code="2">udc</subfield>
    <subfield code="4">0</subfield>
    <subfield code="7">0</subfield>
    <subfield code="8">D</subfield>
    <subfield code="a">10000</subfield>
    <subfield code="b">10000</subfield>
    <subfield code="d">2022-08-23</subfield>
    <subfield code="i">21624</subfield>
    <subfield code="l">3</subfield>
    <subfield code="o">S1528</subfield>
    <subfield code="p">S1528</subfield>
    <subfield code="r">2026-01-09</subfield>
    <subfield code="s">2025-12-18</subfield>
    <subfield code="w">2022-08-23</subfield>
    <subfield code="y">OLDO</subfield>
  </datafield>
</record>
